Dictionary Of IT (Record no. 119)

MARC details
000 -LEADER
fixed length control field 00365nam a2200157Ia 4500
008 - FIXED-LENGTH DATA ELEMENTS--GENERAL INFORMATION
fixed length control field 221030s9999 xx 000 0 und d
020 ## - INTERNATIONAL STANDARD BOOK NUMBER
ISBN 818909338X
041 ## - LANGUAGE CODE
Language code of text/sound track or separate title
082 ## - DEWEY DECIMAL CLASSIFICATION NUMBER
Classification number 105.23
Item number Hen
100 ## - MAIN ENTRY--AUTHOR NAME
Personal name W. Henry
245 #0 - TITLE STATEMENT
Title Dictionary Of IT
Statement of responsibility, etc by W. Henry
260 ## - PUBLICATION, DISTRIBUTION, ETC. (IMPRINT)
Name of publisher Lotus Press
Place of publication New Delhi
Year of publication 2004
300 ## - PHYSICAL DESCRIPTION
Number of Pages 192
650 ## - SUBJECT ADDED ENTRY--TOPICAL TERM
Topical Term Dictionary
942 ## - ADDED ENTRY ELEMENTS (KOHA)
Koha item type Books
Holdings
Accession Number Cost, normal purchase price Full call number Price effective from Koha item type Withdrawn / writtenoff status Materials specified (bound volume or other part) Damaged status Not for loan Collection code Permanent Location Current Location Shelving location Date acquired Lost/ Missing status department
BE 7852 95.00 105.23 Hen 10/30/2022 Books   Print   Not For Loan   MIET Library, Jammu MIET Library, Jammu BL-Second, FL-1, CUP-23, SH-3, R-3 12/16/2005   BE